<?xml version="1.0" encoding="UTF-8"?>
<collection xmlns="http://www.loc.gov/MARC21/slim">
 <record>
  <leader>02916nab a2200313 i 4500</leader>
  <controlfield tag="001">publ39498</controlfield>
  <controlfield tag="005">20260319124245.0</controlfield>
  <controlfield tag="008">260319s2019    hu      o     000   eng d</controlfield>
  <datafield tag="022" ind1=" " ind2=" ">
   <subfield code="a">0264-2751</subfield>
  </datafield>
  <datafield tag="024" ind1="7" ind2=" ">
   <subfield code="a">10.1016/j.cities.2019.03.018</subfield>
   <subfield code="2">doi</subfield>
  </datafield>
  <datafield tag="024" ind1="7" ind2=" ">
   <subfield code="a">30617348</subfield>
   <subfield code="2">mtmt</subfield>
  </datafield>
  <datafield tag="040" ind1=" " ind2=" ">
   <subfield code="a">SZTE Publicatio Repozitórium</subfield>
   <subfield code="b">hun</subfield>
  </datafield>
  <datafield tag="041" ind1=" " ind2=" ">
   <subfield code="a">eng</subfield>
  </datafield>
  <datafield tag="100" ind1="1" ind2=" ">
   <subfield code="a">Kovács Zoltán</subfield>
  </datafield>
  <datafield tag="245" ind1="1" ind2="0">
   <subfield code="a">Urban sprawl and land conversion in post-socialist cities</subfield>
   <subfield code="h">[elektronikus dokumentum] :</subfield>
   <subfield code="b">The case of metropolitan Budapest /</subfield>
   <subfield code="c"> Kovács Zoltán</subfield>
  </datafield>
  <datafield tag="260" ind1=" " ind2=" ">
   <subfield code="c">2019</subfield>
  </datafield>
  <datafield tag="300" ind1=" " ind2=" ">
   <subfield code="a">11</subfield>
  </datafield>
  <datafield tag="300" ind1=" " ind2=" ">
   <subfield code="a">71-81</subfield>
  </datafield>
  <datafield tag="490" ind1="0" ind2=" ">
   <subfield code="a">CITIES: THE INTERNATIONAL JOURNAL OF URBAN POLICY AND PLANNING</subfield>
   <subfield code="v">92</subfield>
  </datafield>
  <datafield tag="520" ind1="3" ind2=" ">
   <subfield code="a">Former state-socialist cities were described by the literature as compact and relatively dense urban forms. However, the political transition of 1989–90 has changed the spatial characteristics of these cities, partly due to urban sprawl. Yet, we do not know if such a phenomenon as “sprawl” did exist before 1989. The main aim of this paper is to assess urban expansion in the metropolitan region of Budapest during state-socialism and after the political changes, and measure the intensity of urban sprawl. The main thesis is that urban sprawl did not start with the advent of market forces in 1989–90, but it was already present during state-socialism, however the tempo of sprawl was considerably increased by suburbanization, the dominant form of urban expansion, after 1990. In order to explore the longitudinal land use changes in the Budapest metropolitan region we analyse standardised databases and maps (e.g. military topographic map from 1959, Corine Land Cover database from 1990 and European Urban Atlas from 2012). The discussion is focused, on the one hand, on the growth of urbanized land as an outcome of urban sprawl and the main underpinning factors in different epochs and, on the other hand, on the main driving forces of suburbanization and sprawl. Research results clearly show that urban sprawl has intensified around Budapest after the political changes. This was the result of a complex interplay of socio-economic and political factors, a process driven by the free movement of residents, firms, as well as the reshuffle of the regulatory framework. The study demonstrates that urban sprawl has several negative impacts on social, economic and environmental sustainability in the investigated metropolitan region, which is in line with findings of the literature.</subfield>
  </datafield>
  <datafield tag="650" ind1=" " ind2="4">
   <subfield code="a">Társadalom- és gazdaságföldrajz</subfield>
  </datafield>
  <datafield tag="700" ind1="0" ind2="1">
   <subfield code="a">Farkas Jenő Zsolt</subfield>
   <subfield code="e">aut</subfield>
  </datafield>
  <datafield tag="700" ind1="0" ind2="1">
   <subfield code="a">Egedy Tamás</subfield>
   <subfield code="e">aut</subfield>
  </datafield>
  <datafield tag="700" ind1="0" ind2="1">
   <subfield code="a">Kondor Attila Csaba</subfield>
   <subfield code="e">aut</subfield>
  </datafield>
  <datafield tag="700" ind1="0" ind2="1">
   <subfield code="a">Szabó Balázs</subfield>
   <subfield code="e">aut</subfield>
  </datafield>
  <datafield tag="700" ind1="0" ind2="1">
   <subfield code="a">Lennert József</subfield>
   <subfield code="e">aut</subfield>
  </datafield>
  <datafield tag="700" ind1="0" ind2="1">
   <subfield code="a">Baka Dorián</subfield>
   <subfield code="e">aut</subfield>
  </datafield>
  <datafield tag="700" ind1="0" ind2="1">
   <subfield code="a">Kohán Balázs</subfield>
   <subfield code="e">aut</subfield>
  </datafield>
  <datafield tag="856" ind1="4" ind2="0">
   <subfield code="u">http://publicatio.bibl.u-szeged.hu/39498/1/Urban-sprawl-land-conversion-JCIT_2018_1017_manuscript_revised.pdf</subfield>
   <subfield code="z">Dokumentum-elérés </subfield>
  </datafield>
 </record>
</collection>
